| 000 | 00465nam a2200157Ia 4500 | ||
|---|---|---|---|
| 003 | SGT | ||
| 020 | _a9788175150836 | ||
| 082 |
_a384 _bHIL |
||
| 100 | _aHillman,David | ||
| 245 | _aMultimedia technology & applications | ||
| 260 |
_bGalgotia Publications Pvt. Ltd. _aN.Delhi _c2012 |
||
| 300 | _a274p. | ||
| 650 | _aCOMMUNICATAION | ||
| 653 | _aINTRODUCTION TO MULTIMEDIA,PRODUCTS AND EVALUATION,HARDWARE,OPERATING SYSTEMS,AND SOFTWARE,GRAPHICS | ||
| 942 |
_2ddc _cBK |
||
| 999 |
_c5449 _d5449 |
||